000 00510nam a2200181Ia 4500
008 240729s9999 xx 000 0 und d
022 _a2214-4420
245 0 _aUrology Case Reports
260 _aNetherlands
260 _bElsevier
650 _a Diseases of the genitourinary system. Urology
650 _a Internal medicine
650 _a Specialties of internal medicine
650 _aMedicine
856 _uhttps://doaj.org/toc/3131725e22d94aa893bc31c4b9bb0efb
942 _2ddc
942 _cDOAJEJ
999 _c71492
_d71492
945 _a1
_bMadushi Gamage
_c1
_dMadushi Gamage